The study of economics : (Record no. 1504)

MARC details
000 -LEADER
fixed length control field 00555nam a2200181 4500
001 - CONTROL NUMBER
control field 1951
005 - DATE AND TIME OF LATEST TRANSACTION
control field 20181127164256.0
008 - FIXED-LENGTH DATA ELEMENTS--GENERAL INFORMATION
fixed length control field 880121s1987 ctua b 001 0 eng
010 ## - LIBRARY OF CONGRESS CONTROL NUMBER
LC control number 86073096
020 ## - INTERNATIONAL STANDARD BOOK NUMBER
International Standard Book Number 0879676388
100 1# - MAIN ENTRY--PERSONAL NAME
Personal name Mings, Turley.
245 14 - TITLE STATEMENT
Title The study of economics :
Remainder of title principles, concepts & applications /
Statement of responsibility, etc. Turley Mings.
250 ## - EDITION STATEMENT
Edition statement 3rd ed.
260 ## - PUBLICATION, DISTRIBUTION, ETC.
Place of publication, distribution, etc. Guilford, Conn. :
Name of publisher, distributor, etc. Dushkin Pub. Group,
Date of publication, distribution, etc. c1987.
300 ## - PHYSICAL DESCRIPTION
Extent xlvi, 498 p. :
Other physical details ill. (some col.) ;
Dimensions 26 cm.
504 ## - BIBLIOGRAPHY, ETC. NOTE
Bibliography, etc. note Includes bibliographies and index.
650 #0 - SUBJECT ADDED ENTRY--TOPICAL TERM
Topical term or geographic name entry element Economics.
Holdings
Withdrawn status Lost status Source of classification or shelving scheme Damaged status Not for loan Collection code Home library Current library Shelving location Date acquired Serial Enumeration / chronology Inventory number Total Checkouts Total Renewals Full call number Barcode Date last seen Date last checked out Price effective from Koha item type
    Dewey Decimal Classification     Main TEST RTC Library RTC Library Main opac 01/09/2021 740 5 2 330 MIN 30001790 28/08/2022 16/08/2022 27/11/2018 Main
Royal Thimphu College || All Right Reserved